| 000 | 00327nam a22001337a 4500 | ||
|---|---|---|---|
| 020 | _qPB. | ||
| 040 | _cFIZZA ISHAQ | ||
| 082 |
_a303.4 _bJAR |
||
| 100 |
_aDIAMOND,JARED. _9133603 |
||
| 245 |
_aGUNS GERMS AND STEEL / _cJARED DIAMOND. |
||
| 260 |
_aNEW YORK ; _bNORTON, _c1999. |
||
| 300 |
_a494 P. ; _c9.1X6IN |
||
| 942 |
_2ddc _cBK |
||
| 999 |
_c616554 _d616554 |
||